| 000 | 02318nam a22002774a 4500 | ||
|---|---|---|---|
| 003 | BOLpUSFA | ||
| 005 | 20260407144050.0 | ||
| 008 | t bo grm 001 | spa|| | ||
| 040 | _aBOLpUSFA | ||
| 041 | _aspa | ||
| 044 | _aBO | ||
| 082 |
_aICO0047 _bV297dPG |
||
| 100 | _aVargas Mamani, Lidia | ||
| 245 | _aDesarrollo de plan de marketing digital para el incremento de ventas en la Pastelería "Alarcón", Zona ciudad Satélite - El Alto, Gestión 2025 | ||
| 260 |
_aEl Alto: _bUniversidad Privada San Francisco de Asís. Carrera de Ingeniería Comercial, _c2025 |
||
| 300 | _a169 p. | ||
| 502 | _aModalidad: Proyecto de Grado - Tutor: Ing. Carlos Eduardo Villarroel Prieto | ||
| 520 | _aLa pastelería ALARCON, fundada el 28 de enero de 2020 en la ciudad de El Alto, es un emprendimiento familiar que destaca por la calidad y frescura de sus productos. Actualmente cuenta con cinco sucursales, siendo de la zona ciudad satélite la que presenta menores ventas debido a la limitada visibilidad y falta de estrategias digitales efectivas. El proyecto tiene como objetivo desarrollar un plan de marketing para incrementar las ventas en la sucursal de ciudad satélite. El análisis FODA según el ámbito digital identifico fortalezas como la reputación y calidad de sus productos, debilidades en la capacitación del personal y ausencia de catalogo digital, oportunidades en el mercado online y amenazas por competencias con fuerte presencia digital. El plan propuesto incluye marketing de contenido, optimización de redes sociales, presencia en apps de Delivery y pagina Web con catalogo digital, siendo un Embudo de marketing y el modelo de las 4C (Cliente, Costo, Conveniencia, Comunicación). Las proyecciones según la implementación de estrategias digitales estiman ventas en 12 meses, con una inversión inicial de Bs.- 33,620.00 y un ROI de 25% y un ROAS de Bs 2.14, demostrando la viabilidad y rentabilidad del plan y fortaleciendo la presencia digital de la pastelería en el Alto. | ||
| 650 | _aIngeniería Comercial | ||
| 650 | _aProyecto de Grado | ||
| 650 | _aMarketing digital | ||
| 650 | _aAlimentos | ||
| 650 | _aPastelerías | ||
| 651 | _aEl Alto | ||
| 942 |
_2ddc _cTE _zLLO |
||
| 999 |
_c9683 _d9683 |
||